[Event "Montcalm IV 2007-08"]
[Site "Quebec CAN"]
[Date "2008.01.10"]
[Round "1"]
[White "Cournoyer, Dominic"]
[Black "Rondeau, Samuel"]
[Result "0-1"]
[WhiteElo "1900"]
[BlackElo "1814"]
[PlyCount "84"]
[GameId "2160767910549178"]
[EventDate "2008.01.10"]
[EventType "swiss"]
[EventRounds "5"]
[EventCountry "CAN"]
[SourceTitle "EXT 2011"]
[Source "ChessBase"]
[SourceDate "2011.11.26"]
[SourceVersion "1"]
[SourceVersionDate "2011.11.26"]
[SourceQuality "1"]

1. c4 e5 2. Nc3 Nc6 3. Nf3 f5 4. d3 Nf6 5. g3 Be7 6. Bg2 O-O 7. O-O Kh8 8. a3 a5 9. Nd5 d6 10. Nxe7 Qxe7 11. Bd2 d5 12. cxd5 Nxd5 13. Qb3 Nf6 14. Rac1 e4 15. dxe4 fxe4 16. Ng5 h6 17. Nh3 Bxh3 18. Bxh3 Nd4 19. Qc4 Rfd8 20. Be3 b5 21. Qxc7 Rd7 22. Bxd7 Nxe2+ 23. Kg2 Nxc1 24. Rxc1 Qxd7 25. Qxd7 Nxd7 26. Rc7 Rd8 27. Bd4 Nf6 28. Bxf6 gxf6 29. Rc2 Rd3 30. Kf1 Kg7 31. Ke2 Rb3 32. Kd2 Kg6 33. Kc1 Kf5 34. Rc3 Rxc3+ 35. bxc3 Kg4 36. a4 bxa4 37. c4 Kf5 38. Kb2 Ke5 39. Ka3 Kd4 40. Kxa4 Kxc4 41. Kxa5 Kd3 42. Kb5 Ke2 0-1

[Event "Montcalm IV 2007-08"]
[Site "Quebec CAN"]
[Date "2008.01.17"]
[Round "2"]
[White "Caron, Sebastien"]
[Black "Caire, Francois"]
[Result "1/2-1/2"]
[WhiteElo "1916"]
[BlackElo "2211"]
[PlyCount "53"]
[GameId "2160767910549179"]
[EventDate "2008.01.10"]
[EventType "swiss"]
[EventRounds "5"]
[EventCountry "CAN"]
[SourceTitle "EXT 2011"]
[Source "ChessBase"]
[SourceDate "2011.11.26"]
[SourceVersion "1"]
[SourceVersionDate "2011.11.26"]
[SourceQuality "1"]

1. e4 c5 2. Nf3 Nc6 3. d4 cxd4 4. Nxd4 Nf6 5. Nc3 e5 6. Ndb5 d6 7. Bg5 a6 8. Na3 b5 9. Nd5 Be7 10. Nxe7 Nxe7 11. Bxf6 gxf6 12. c4 Bb7 13. cxb5 Bxe4 14. Qa4 d5 15. b6+ Kf8 16. b7 Ra7 17. Bxa6 d4 18. Nb5 Bc6 19. Rc1 Qb6 20. Rxc6 Nxc6 21. Nxa7 Nxa7 22. Qd7 Qb4+ 23. Kd1 Kg7 24. Qg4+ Kf8 25. Qc8+ Kg7 26. Qg4+ Kf8 27. Qc8+ 1/2-1/2

[Event "Montcalm IV 2007-08"]
[Site "Quebec CAN"]
[Date "2008.01.17"]
[Round "2"]
[White "Dumont, Eric"]
[Black "Servant, Michel"]
[Result "1-0"]
[WhiteElo "1612"]
[BlackElo "1686"]
[PlyCount "59"]
[GameId "2160767910549180"]
[EventDate "2008.01.10"]
[EventType "swiss"]
[EventRounds "5"]
[EventCountry "CAN"]
[SourceTitle "EXT 2011"]
[Source "ChessBase"]
[SourceDate "2011.11.26"]
[SourceVersion "1"]
[SourceVersionDate "2011.11.26"]
[SourceQuality "1"]

1. d4 d5 2. Bf4 Nf6 3. h3 c6 4. e3 e6 5. Nf3 Be7 6. Bd3 O-O 7. Nbd2 Nbd7 8. c3 c5 9. Rc1 a6 10. O-O b5 11. a4 bxa4 12. Qxa4 Nb6 13. Qa5 Nfd7 14. Ne5 Nxe5 15. dxe5 Bb7 16. e4 c4 17. Bb1 Nd7 18. Qa2 Nc5 19. exd5 Qxd5 20. Nf3 Ne4 21. Rfd1 Qc5 22. Be3 Qc7 23. Rd4 Nc5 24. Qxc4 Bxf3 25. gxf3 Qxe5 26. Rg4 f5 27. Bd4 fxg4 28. Bxe5 gxf3 29. Kh2 Rad8 30. b4 1-0

[Event "Montcalm IV 2007-08"]
[Site "Quebec CAN"]
[Date "2008.01.17"]
[Round "2"]
[White "Gaudreau, Eric"]
[Black "Cournoyer, Dominic"]
[Result "0-1"]
[WhiteElo "1599"]
[BlackElo "1900"]
[PlyCount "62"]
[GameId "2160767910549181"]
[EventDate "2008.01.10"]
[EventType "swiss"]
[EventRounds "5"]
[EventCountry "CAN"]
[SourceTitle "EXT 2011"]
[Source "ChessBase"]
[SourceDate "2011.11.26"]
[SourceVersion "1"]
[SourceVersionDate "2011.11.26"]
[SourceQuality "1"]

1. e4 d5 2. d4 dxe4 3. Nc3 Nf6 4. f3 exf3 5. Nxf3 g6 6. Bc4 Bg7 7. O-O O-O 8. Qe2 Nc6 9. Rd1 Ng4 10. Be3 Nxe3 11. Qxe3 Nb4 12. Bb3 c6 13. Ne5 Nd5 14. Qf3 Be6 15. Ne4 Qb6 16. Kh1 Bxe5 17. dxe5 Ne3 18. Rd3 Nd5 19. Qg3 Bf5 20. Qh4 Bxe4 21. Qxe4 Rad8 22. Rad1 e6 23. Qh4 Qc7 24. Rh3 h5 25. Qg5 Qe7 26. Qh6 Nf4 27. Rg1 Nxh3 28. gxh3 Rfe8 29. Qxh5 Qf8 30. Qg5 Qb4 31. h4 Qe4+ 0-1

[Event "Montcalm IV 2007-08"]
[Site "Quebec CAN"]
[Date "2008.01.17"]
[Round "2"]
[White "Myre, Eric"]
[Black "Bernatchez, Dan"]
[Result "0-1"]
[WhiteElo "1938"]
[BlackElo "1948"]
[PlyCount "62"]
[GameId "2160767910549182"]
[EventDate "2008.01.10"]
[EventType "swiss"]
[EventRounds "5"]
[EventCountry "CAN"]
[SourceTitle "EXT 2011"]
[Source "ChessBase"]
[SourceDate "2011.11.26"]
[SourceVersion "1"]
[SourceVersionDate "2011.11.26"]
[SourceQuality "1"]

1. d4 Nf6 2. c4 e6 3. Nc3 Bb4 4. e3 b6 5. Bd3 Bb7 6. Nf3 Ne4 7. Qc2 f5 8. O-O Bxc3 9. bxc3 O-O 10. Nd2 Qh4 11. f3 Nxd2 12. Bxd2 d6 13. e4 f4 14. c5 dxc5 15. dxc5 Nd7 16. cxb6 axb6 17. Be1 Qe7 18. c4 Ra7 19. Bf2 Nc5 20. Be2 e5 21. Rfd1 Bc6 22. Rd2 Rfa8 23. Bd1 Ra3 24. Qb1 Ba4 25. Bxa4 R3xa4 26. Qb5 R8a5 27. Qc6 Rxc4 28. Rad1 Raa4 29. Rd8+ Kf7 30. Kh1 Ne6 31. Qd5 Qxd8 0-1

[Event "Montcalm IV 2007-08"]
[Site "Quebec CAN"]
[Date "2008.01.17"]
[Round "2"]
[White "Rondeau, Samuel"]
[Black "Chiffot, Nicolas"]
[Result "0-1"]
[WhiteElo "1814"]
[BlackElo "1877"]
[PlyCount "60"]
[GameId "2160767910549183"]
[EventDate "2008.01.10"]
[EventType "swiss"]
[EventRounds "5"]
[EventCountry "CAN"]
[SourceTitle "EXT 2011"]
[Source "ChessBase"]
[SourceDate "2011.11.26"]
[SourceVersion "1"]
[SourceVersionDate "2011.11.26"]
[SourceQuality "1"]

1. c4 Nf6 2. Nc3 g6 3. g3 Bg7 4. Bg2 O-O 5. e3 d6 6. Nge2 e5 7. O-O c6 8. d3 a5 9. Kh1 Na6 10. b3 Bf5 11. Bb2 Nc5 12. d4 Nd3 13. Ba3 e4 14. f3 exf3 15. Bxf3 Nb4 16. e4 Bh3 17. Rf2 Ng4 18. Bxg4 Bxg4 19. Qd2 f5 20. Nf4 fxe4 21. Nxe4 g5 22. Ng2 Rxf2 23. Qxf2 Qe7 24. Nc3 Rf8 25. Qd2 Qf6 26. Rg1 Qxd4 27. Qxg5 Bf3 28. h4 Qxc3 29. Kh2 Qe5 30. Qd2 Qd4 0-1

[Event "Montcalm IV 2007-08"]
[Site "Quebec CAN"]
[Date "2008.01.17"]
[Round "2"]
[White "Sauve, Richard"]
[Black "Auger, Bertrand"]
[Result "1-0"]
[WhiteElo "1961"]
[BlackElo "2003"]
[PlyCount "75"]
[GameId "2160767910549184"]
[EventDate "2008.01.10"]
[EventType "swiss"]
[EventRounds "5"]
[EventCountry "CAN"]
[SourceTitle "EXT 2011"]
[Source "ChessBase"]
[SourceDate "2011.11.26"]
[SourceVersion "1"]
[SourceVersionDate "2011.11.26"]
[SourceQuality "1"]

1. d4 Nf6 2. c4 e6 3. Bg5 h6 4. Bh4 Be7 5. Nc3 d5 6. cxd5 exd5 7. e3 O-O 8. Bd3 Re8 9. Nge2 Nbd7 10. O-O c6 11. Qc2 Nf8 12. Rab1 Ne4 13. Bxe7 Qxe7 14. Bxe4 dxe4 15. b4 Bf5 16. b5 Rac8 17. Qa4 Be6 18. bxc6 bxc6 19. Rb2 f5 20. Rfb1 Rc7 21. Nf4 Bf7 22. Qa6 g5 23. Nfe2 Nd7 24. a4 Nb6 25. Rb4 c5 26. dxc5 Rxc5 27. Rxb6 axb6 28. Rxb6 Qe5 29. Rb5 Rxb5 30. axb5 Re6 31. b6 Rd6 32. Qc8+ Qe8 33. b7 Rd8 34. Qxf5 Qc6 35. h4 gxh4 36. Qxe4 Qxe4 37. Nxe4 Rb8 38. Nc5 1-0

[Event "Montcalm IV 2007-08"]
[Site "Quebec CAN"]
[Date "2008.01.24"]
[Round "3"]
[White "Auger, Bertrand"]
[Black "Caron, Sebastien"]
[Result "1-0"]
[WhiteElo "2003"]
[BlackElo "1916"]
[PlyCount "77"]
[GameId "2160767910549185"]
[EventDate "2008.01.10"]
[EventType "swiss"]
[EventRounds "5"]
[EventCountry "CAN"]
[SourceTitle "EXT 2011"]
[Source "ChessBase"]
[SourceDate "2011.11.26"]
[SourceVersion "1"]
[SourceVersionDate "2011.11.26"]
[SourceQuality "1"]

1. d4 Nf6 2. Nf3 g6 3. g3 d6 4. Bg2 Nbd7 5. c4 c6 6. Nc3 Qc7 7. O-O Bg7 8. b3 O-O 9. Bb2 Re8 10. Rc1 a6 11. e3 e5 12. dxe5 dxe5 13. Ng5 Bf8 14. Qc2 h6 15. Nge4 Nxe4 16. Nxe4 f5 17. Nd2 Nf6 18. c5 Bg7 19. Rfd1 Be6 20. Nc4 Bd5 21. Nd6 Re7 22. e4 Nxe4 23. Nxe4 fxe4 24. Bxe4 Bxe4 25. Qxe4 Re6 26. Rd3 Qf7 27. Rcd1 Rf8 28. R1d2 Qf6 29. Rd7 Rf7 30. Rxf7 Kxf7 31. Qc4 Kf8 32. Rd7 Re7 33. Rd8+ Re8 34. Rd6 Qf7 35. Qg4 g5 36. h4 e4 37. Bxg7+ Qxg7 38. Qf5+ Qf7 39. Rf6 1-0

[Event "Montcalm IV 2007-08"]
[Site "Quebec CAN"]
[Date "2008.01.24"]
[Round "3"]
[White "Bernatchez, Dan"]
[Black "Sauve, Richard"]
[Result "1-0"]
[WhiteElo "1948"]
[BlackElo "1961"]
[PlyCount "120"]
[GameId "2160767910549186"]
[EventDate "2008.01.10"]
[EventType "swiss"]
[EventRounds "5"]
[EventCountry "CAN"]
[SourceTitle "EXT 2011"]
[Source "ChessBase"]
[SourceDate "2011.11.26"]
[SourceVersion "1"]
[SourceVersionDate "2011.11.26"]
[SourceQuality "1"]

1. d4 d5 2. c4 e6 3. Nf3 c6 4. Nbd2 f5 5. g3 Nf6 6. Bg2 Bd6 7. O-O O-O 8. Ne5 Ne4 9. Qc2 Nd7 10. Ndf3 Qf6 11. Bf4 g5 12. Nxd7 Bxd7 13. Bxd6 Nxd6 14. Ne5 Be8 15. f4 Nxc4 16. fxg5 Qxg5 17. Nxc4 dxc4 18. Qxc4 Qe3+ 19. Kh1 Bh5 20. Bf3 Bxf3+ 21. Rxf3 Qe4 22. Qd3 Rfd8 23. Rd1 Qxd3 24. Rfxd3 Rd7 25. Kg2 Rad8 26. Kf3 Kf7 27. e4 Kf6 28. b4 Kg5 29. h3 Rf7 30. Ra3 a6 31. Ra5 Kf6 32. exf5 exf5 33. Kf4 Kg6 34. Re5 Rd6 35. a4 Rfd7 36. Ke3 Rd5 37. Rxd5 Rxd5 38. Kd3 Kf6 39. Re1 a5 40. Kc4 axb4 41. Rb1 b5+ 42. axb5 Rxb5 43. Rxb4 Ra5 44. Rb6 Ra3 45. Rxc6+ Kg5 46. Rc7 Rxg3 47. Rxh7 f4 48. h4+ Kg4 49. h5 Rh3 50. h6 f3 51. Kd3 Kg5 52. Ke3 Kg6 53. Rh8 Rh4 54. Rd8 Kxh6 55. Rh8+ Kg5 56. Rxh4 Kxh4 57. Kxf3 Kg5 58. Ke4 Kf6 59. Kd5 Ke7 60. Kc6 Kd8 1-0

[Event "Montcalm IV 2007-08"]
[Site "Quebec CAN"]
[Date "2008.01.24"]
[Round "3"]
[White "Caire, Francois"]
[Black "Myre, Eric"]
[Result "1-0"]
[WhiteElo "2211"]
[BlackElo "1938"]
[PlyCount "59"]
[GameId "2160767910549187"]
[EventDate "2008.01.10"]
[EventType "swiss"]
[EventRounds "5"]
[EventCountry "CAN"]
[SourceTitle "EXT 2011"]
[Source "ChessBase"]
[SourceDate "2011.11.26"]
[SourceVersion "1"]
[SourceVersionDate "2011.11.26"]
[SourceQuality "1"]

1. f4 c5 2. Nf3 Nc6 3. e4 g6 4. Bb5 Bg7 5. Bxc6 bxc6 6. d3 h5 7. O-O Qb6 8. Nc3 c4+ 9. d4 d6 10. Kh1 Bg4 11. d5 Nh6 12. Qe1 Bxf3 13. gxf3 Qb7 14. dxc6 Qxc6 15. Nd5 e6 16. Bd2 f6 17. Rg1 Qb7 18. Ne3 Rc8 19. Rxg6 Kf7 20. Qg3 Rhg8 21. Rg1 Bh8 22. f5 exf5 23. Nxc4 Rxc4 24. Rxg8 Ng4 25. Rxh8 Kg7 26. Rxh5 Rxe4 27. fxe4 Kf8 28. Qxd6+ Kg7 29. Rxg4+ fxg4 30. Qf4 1-0

[Event "Montcalm IV 2007-08"]
[Site "Quebec CAN"]
[Date "2008.01.24"]
[Round "3"]
[White "Chiffot, Nicolas"]
[Black "Gaudreau, Eric"]
[Result "1-0"]
[WhiteElo "1877"]
[BlackElo "1599"]
[PlyCount "65"]
[GameId "2160767910549188"]
[EventDate "2008.01.10"]
[EventType "swiss"]
[EventRounds "5"]
[EventCountry "CAN"]
[SourceTitle "EXT 2011"]
[Source "ChessBase"]
[SourceDate "2011.11.26"]
[SourceVersion "1"]
[SourceVersionDate "2011.11.26"]
[SourceQuality "1"]

1. d4 d5 2. c4 e6 3. Nc3 c5 4. cxd5 exd5 5. Nf3 Nc6 6. g3 c4 7. Bg2 Bb4 8. O-O Nge7 9. e4 dxe4 10. Nxe4 Bg4 11. Qc2 Nxd4 12. Nxd4 Qxd4 13. h3 Bh5 14. g4 Bg6 15. Rd1 Qb6 16. Qxc4 Rc8 17. Qb3 Bxe4 18. Bxe4 Bc5 19. Qxb6 Bxb6 20. Bxb7 Rc2 21. Rd2 Rc4 22. Ba6 Rc5 23. Re2 Kf8 24. b4 Rc3 25. Bd2 Rxh3 26. Rae1 Bd8 27. Bf4 h5 28. g5 Kg8 29. Rxe7 Bxe7 30. Rxe7 Rh4 31. Bg3 Rxb4 32. Bd3 g6 33. Be5 1-0

[Event "Montcalm IV 2007-08"]
[Site "Quebec CAN"]
[Date "2008.01.24"]
[Round "3"]
[White "Cournoyer, Dominic"]
[Black "Dumont, Eric"]
[Result "1-0"]
[WhiteElo "1900"]
[BlackElo "1612"]
[PlyCount "71"]
[GameId "2160767910549189"]
[EventDate "2008.01.10"]
[EventType "swiss"]
[EventRounds "5"]
[EventCountry "CAN"]

1. Nf3 d5 2. b4 g6 3. Bb2 Nf6 4. g3 Bg7 5. Bg2 Bf5 6. O-O c6 7. a3 O-O 8. d3 Qc8 9. Re1 h5 10. Nbd2 Bh3 11. Bh1 Nh7 12. Bxg7 Kxg7 13. c4 e6 14. Rc1 Qd8 15. Qb3 Nd7 16. e4 g5 17. cxd5 exd5 18. exd5 h4 19. dxc6 bxc6 20. Qc3+ Ndf6 21. Ne4 hxg3 22. hxg3 Rh8 23. Nxf6 Nxf6 24. Nxg5 Bf5 25. Qe5 Rxh1+ 26. Kxh1 Qxd3 27. Red1 Rh8+ 28. Kg1 Be4 29. Nxe4 Qxe4 30. Qxe4 Nxe4 31. Kg2 Nf6 32. Rd4 Re8 33. Rxc6 Re7 34. Rf4 Nd5 35. Rg4+ Kh7 36. Rc1 1-0

[Event "Montcalm IV 2007-08"]
[Site "Quebec CAN"]
[Date "2008.01.24"]
[Round "3"]
[White "Servant, Michel"]
[Black "Rondeau, Samuel"]
[Result "1-0"]
[WhiteElo "1686"]
[BlackElo "1814"]
[PlyCount "71"]
[GameId "2160767910549191"]
[EventDate "2008.01.10"]
[EventType "swiss"]
[EventRounds "5"]
[EventCountry "CAN"]
[SourceTitle "EXT 2011"]
[Source "ChessBase"]
[SourceDate "2011.11.26"]
[SourceVersion "1"]
[SourceVersionDate "2011.11.26"]
[SourceQuality "1"]

1. c4 f5 2. d4 Nf6 3. g3 e6 4. Bg2 c6 5. Nc3 d5 6. c5 b6 7. b4 a5 8. Na4 Nbd7 9. a3 b5 10. Nc3 axb4 11. Nb1 bxa3 12. Rxa3 Rxa3 13. Nxa3 Ne4 14. Nf3 Qa5+ 15. Nd2 Be7 16. O-O O-O 17. Nb3 Qc7 18. Nc2 e5 19. Nb4 Bb7 20. e3 Qb8 21. Na5 Qc7 22. Nxb7 Qxb7 23. Bb2 Kh8 24. f3 Ng5 25. Qc2 f4 26. exf4 exf4 27. g4 Ne6 28. Re1 Rf6 29. g5 Rg6 30. h4 Ndxc5 31. dxc5 Qa8 32. Nd3 Nxg5 33. hxg5 Bxg5 34. Ne5 Rf6 35. Qe2 Qd8 36. Nd7 1-0

[Event "Montcalm IV 2007-08"]
[Site "Quebec CAN"]
[Date "2008.01.31"]
[Round "4"]
[White "Caire, Francois"]
[Black "Auger, Bertrand"]
[Result "1/2-1/2"]
[WhiteElo "2211"]
[BlackElo "2003"]
[PlyCount "52"]
[GameId "2160767910549192"]
[EventDate "2008.01.10"]
[EventType "swiss"]
[EventRounds "5"]
[EventCountry "CAN"]
[SourceTitle "EXT 2011"]
[Source "ChessBase"]
[SourceDate "2011.11.26"]
[SourceVersion "1"]
[SourceVersionDate "2011.11.26"]
[SourceQuality "1"]

1. f4 Nf6 2. Nf3 d5 3. e3 g6 4. c4 Bg7 5. Nc3 O-O 6. Qb3 c6 7. d4 a5 8. c5 Nbd7 9. Bd2 b5 10. cxb6 Nxb6 11. Ne5 a4 12. Qa3 Bb7 13. Bd3 Nfd7 14. O-O c5 15. Rac1 Nxe5 16. fxe5 cxd4 17. exd4 Nc4 18. Bxc4 dxc4 19. Be3 Qd7 20. Rf2 f5 21. Ne2 Bd5 22. Bd2 Rfb8 23. Bb4 Rb7 24. Qc3 Bh6 25. Rcf1 Rab8 26. Ba3 Qc6 1/2-1/2

[Event "Montcalm IV 2007-08"]
[Site "Quebec CAN"]
[Date "2008.01.31"]
[Round "4"]
[White "Caron, Sebastien"]
[Black "Bernatchez, Dan"]
[Result "1-0"]
[WhiteElo "1916"]
[BlackElo "1948"]
[PlyCount "91"]
[GameId "2160767910549193"]
[EventDate "2008.01.10"]
[EventType "swiss"]
[EventRounds "5"]
[EventCountry "CAN"]
[SourceTitle "EXT 2011"]
[Source "ChessBase"]
[SourceDate "2011.11.26"]
[SourceVersion "1"]
[SourceVersionDate "2011.11.26"]
[SourceQuality "1"]

1. e4 c6 2. d4 d5 3. Nc3 g6 4. exd5 cxd5 5. Bf4 a6 6. Qf3 e6 7. Nd1 Nc6 8. c3 Bg7 9. Bd3 f6 10. Qe2 Nge7 11. Nf3 g5 12. Bxg5 fxg5 13. Nxg5 Qd6 14. Qh5+ Kd7 15. Nf7 Qf4 16. Nxh8 Bxh8 17. Qxh7 Bf6 18. Ne3 Kc7 19. Bf1 Bd7 20. g3 Qg5 21. h4 Qg7 22. Qxg7 Bxg7 23. f4 Rh8 24. Bd3 Kd6 25. Ng4 Nf5 26. Bxf5 exf5 27. Ne5 Nxe5 28. dxe5+ Kc6 29. Rd1 Bf8 30. Rh2 Be6 31. Rhd2 Be7 32. a3 Kc7 33. Rxd5 Bxd5 34. Rxd5 Rd8 35. Rxd8 Kxd8 36. Ke2 b5 37. Kd3 Kd7 38. Kd4 Ke6 39. h5 Bf8 40. c4 b4 41. c5 bxa3 42. bxa3 a5 43. a4 Bh6 44. Kc4 Bf8 45. Kb5 Kd5 46. c6 1-0

[Event "Montcalm IV 2007-08"]
[Site "Quebec CAN"]
[Date "2008.01.31"]
[Round "4"]
[White "Cournoyer, Dominic"]
[Black "Chiffot, Nicolas"]
[Result "1-0"]
[WhiteElo "1900"]
[BlackElo "1877"]
[PlyCount "59"]
[GameId "2160767910549194"]
[EventDate "2008.01.10"]
[EventType "swiss"]
[EventRounds "5"]
[EventCountry "CAN"]
[SourceTitle "EXT 2011"]
[Source "ChessBase"]
[SourceDate "2011.11.26"]
[SourceVersion "1"]
[SourceVersionDate "2011.11.26"]
[SourceQuality "1"]

1. c4 c5 2. Nf3 e6 3. d4 cxd4 4. Nxd4 d5 5. cxd5 Qxd5 6. Nc3 Qd8 7. g3 a6 8. Bg2 e5 9. Nf3 Qxd1+ 10. Nxd1 Nc6 11. O-O g6 12. Nc3 Nge7 13. Be3 h6 14. Ne4 Nd5 15. Bd2 f5 16. Nc3 Nf6 17. Nh4 Ne7 18. Na4 Nd7 19. Bb4 Rg8 20. Rac1 e4 21. f3 exf3 22. Rxf3 Ne5 23. Re3 Ng4 24. Rec3 Bg7 25. Rd3 Bd7 26. Nb6 Rd8 27. Bxe7 Kxe7 28. Nxg6+ Ke8 29. Rcd1 Kf7 30. Bd5+ 1-0

[Event "Montcalm IV 2007-08"]
[Site "Quebec CAN"]
[Date "2008.01.31"]
[Round "4"]
[White "Gaudreau, Eric"]
[Black "Servant, Michel"]
[Result "0-1"]
[WhiteElo "1599"]
[BlackElo "1686"]
[PlyCount "70"]
[GameId "2160767910549195"]
[EventDate "2008.01.10"]
[EventType "swiss"]
[EventRounds "5"]
[EventCountry "CAN"]
[SourceTitle "EXT 2011"]
[Source "ChessBase"]
[SourceDate "2011.11.26"]
[SourceVersion "1"]
[SourceVersionDate "2011.11.26"]
[SourceQuality "1"]

1. e4 c5 2. c3 e6 3. d4 a6 4. Nf3 b5 5. a4 Nf6 6. axb5 Nxe4 7. Bd3 Bb7 8. Qe2 d5 9. bxa6 c4 10. axb7 Rxa1 11. Bxe4 dxe4 12. Qxe4 Qd5 13. Qc2 Qxb7 14. O-O Be7 15. Nbd2 Qc7 16. Ne5 Bd6 17. Ndxc4 O-O 18. Nxd6 Qxd6 19. b4 Qd5 20. Rd1 Ra2 21. Qd3 Qb3 22. Be3 Rc8 23. Rc1 Na6 24. Qb5 Qxc3 25. g3 Ra1 26. Kg2 Rxc1 27. Bxc1 Nxb4 28. Qb7 Qc7 29. Qxb4 Qxc1 30. Qb7 Qc7 31. Qf3 f6 32. Nd3 Qc6 33. Nc5 e5 34. Qxc6 Rxc6 35. Nb3 Rc3 0-1

[Event "Montcalm IV 2007-08"]
[Site "Quebec CAN"]
[Date "2008.01.31"]
[Round "4"]
[White "Myre, Eric"]
[Black "Sauve, Richard"]
[Result "1/2-1/2"]
[WhiteElo "1938"]
[BlackElo "1961"]
[PlyCount "118"]
[GameId "2160767910549196"]
[EventDate "2008.01.10"]
[EventType "swiss"]
[EventRounds "5"]
[EventCountry "CAN"]
[SourceTitle "EXT 2011"]
[Source "ChessBase"]
[SourceDate "2011.11.26"]
[SourceVersion "1"]
[SourceVersionDate "2011.11.26"]
[SourceQuality "1"]

1. d4 d5 2. c4 e6 3. cxd5 exd5 4. Nc3 c6 5. Nf3 Bf5 6. Bg5 Nf6 7. e3 Be7 8. Bd3 Bxd3 9. Qxd3 O-O 10. Bxf6 Bxf6 11. b4 a6 12. a4 Nd7 13. a5 Be7 14. Rb1 Bd6 15. Na4 Qc7 16. O-O f5 17. Nc5 Rae8 18. h3 Rf6 19. Nh4 g6 20. Rfe1 Rf7 21. f4 Nf6 22. Nf3 Ne4 23. Ne5 Rg7 24. Rec1 Qe7 25. Rb2 Kh8 26. Qb3 Reg8 27. Nxa6 g5 28. Nc5 gxf4 29. exf4 Bxe5 30. dxe5 Qh4 31. Nxe4 Qxf4 32. Re1 fxe4 33. Qc3 Rg3 34. Qc5 Rxh3 35. b5 Qh2+ 36. Kf1 Qh1+ 37. Qg1 Rf3+ 38. Rf2 Rxf2+ 39. Kxf2 Qh4+ 40. g3 Qg5 41. bxc6 bxc6 42. a6 Qxe5 43. Ra1 e3+ 44. Ke2 d4 45. a7 Ra8 46. Qb1 Qh5+ 47. Kd3 Qf5+ 48. Kxd4 Qxb1 49. Rxb1 Rxa7 50. Kxe3 Kg7 51. Rb6 Rc7 52. Kd4 Kf6 53. Kc5 Kf5 54. Rb4 Rg7 55. Rh4 Rg5 56. Kxc6 h5 57. Kd5 Kg6+ 58. Ke4 Rxg3 59. Kf4 Rg4+ 1/2-1/2

[Event "Montcalm IV 2007-08"]
[Site "Quebec CAN"]
[Date "2008.02.07"]
[Round "5"]
[White "Bernatchez, Dan"]
[Black "Caire, Francois"]
[Result "1/2-1/2"]
[WhiteElo "1948"]
[BlackElo "2211"]
[PlyCount "74"]
[GameId "2160767910549197"]
[EventDate "2008.01.10"]
[EventType "swiss"]
[EventRounds "5"]
[EventCountry "CAN"]
[SourceTitle "EXT 2011"]
[Source "ChessBase"]
[SourceDate "2011.11.26"]
[SourceVersion "1"]
[SourceVersionDate "2011.11.26"]
[SourceQuality "1"]

1. e4 e5 2. Nf3 Nc6 3. Bc4 Bc5 4. c3 Nf6 5. d3 O-O 6. O-O d6 7. Nbd2 Bb6 8. h3 Ne7 9. Re1 Ng6 10. Nf1 c6 11. Bb3 Nh5 12. d4 Nhf4 13. dxe5 dxe5 14. Qxd8 Rxd8 15. Be3 Bxe3 16. Nxe3 Be6 17. Bxe6 Nxe6 18. Nc4 f6 19. Rad1 b6 20. b4 Kf8 21. g3 Ne7 22. Kf1 b5 23. Na5 c5 24. Nb7 Rxd1 25. Rxd1 cxb4 26. cxb4 Rb8 27. Rd6 Rxb7 28. Rxe6 Rc7 29. Ra6 Nc6 30. a3 Ke7 31. Nh4 g6 32. Ng2 Nb8 33. Ra5 a6 34. a4 Rb7 35. axb5 Rxb5 36. Rxb5 axb5 37. Ne3 Nc6 1/2-1/2

[Event "Montcalm IV 2007-08"]
[Site "Quebec CAN"]
[Date "2008.02.07"]
[Round "5"]
[White "Sauve, Richard"]
[Black "Caron, Sebastien"]
[Result "1-0"]
[WhiteElo "1961"]
[BlackElo "1916"]
[PlyCount "129"]
[GameId "2160767910549198"]
[EventDate "2008.01.10"]
[EventType "swiss"]
[EventRounds "5"]
[EventCountry "CAN"]
[SourceTitle "EXT 2011"]
[Source "ChessBase"]
[SourceDate "2011.11.26"]
[SourceVersion "1"]
[SourceVersionDate "2011.11.26"]
[SourceQuality "1"]

1. d4 Nf6 2. c4 g6 3. Nc3 Bg7 4. e4 d6 5. f3 O-O 6. Be3 e5 7. d5 Nh5 8. Qd2 f5 9. exf5 gxf5 10. O-O-O a6 11. Nge2 b5 12. h3 f4 13. Bf2 bxc4 14. Ne4 a5 15. N2c3 Ba6 16. Be2 Nd7 17. Rdg1 Nb6 18. g4 fxg3 19. Bxg3 Kh8 20. Bf2 Nf4 21. Rg4 Bc8 22. Rg3 Bh6 23. Be3 Bf5 24. h4 Qe7 25. Ng5 Bd7 26. Rhg1 a4 27. a3 Ra5 28. Bxb6 cxb6 29. Bxc4 Rc5 30. Ba2 Bf5 31. Bb1 Nxd5 32. Bxf5 Nxc3 33. bxc3 Rxf5 34. Kc2 Bxg5 35. hxg5 Qf7 36. Rb1 Rxf3 37. Rxf3 Qxf3 38. Rxb6 Rxc3+ 39. Qxc3 Qf2+ 40. Kd3 Qxb6 41. Qc8+ Kg7 42. Qd7+ Kg6 43. Qxa4 Kxg5 44. Qd7 Qb3+ 45. Ke4 Qc4+ 46. Ke3 Qd4+ 47. Ke2 e4 48. Qxh7 Qd3+ 49. Ke1 Kf4 50. Qh4+ Ke5 51. Qe7+ Kd5 52. Qb7+ Kd4 53. Qb6+ Kc3 54. Qb4+ Kc2 55. Qa4+ Kc1 56. Qc6+ Kb2 57. a4 Qc3+ 58. Qxc3+ Kxc3 59. a5 d5 60. a6 d4 61. a7 d3 62. a8=Q e3 63. Qe4 e2 64. Qc6+ Kd4 65. Kd2 1-0

[Event "Montcalm V 2007-08"]
[Site "Quebec CAN"]
[Date "2008.02.14"]
[Round "1"]
[White "Caire, Francois"]
[Black "Cummins, Paul"]
[Result "1-0"]
[WhiteElo "2177"]
[BlackElo "1739"]
[PlyCount "31"]
[GameId "2160767910413518"]
[EventDate "2008.02.14"]
[EventType "swiss"]
[EventRounds "5"]
[EventCountry "CAN"]
[SourceTitle "EXT 2011"]
[Source "ChessBase"]
[SourceDate "2011.11.26"]
[SourceVersion "1"]
[SourceVersionDate "2011.11.26"]
[SourceQuality "1"]

1. d4 d5 2. Nf3 Nf6 3. c4 e6 4. g3 c6 5. Bg2 Be7 6. O-O O-O 7. b3 dxc4 8. bxc4 c5 9. e3 Qc7 10. d5 exd5 11. cxd5 Rd8 12. Nc3 Bf5 13. Nh4 Bd7 14. Rb1 Ne8 15. d6 Nxd6 16. Nd5 1-0

[Event "Montcalm V 2007-08"]
[Site "Quebec CAN"]
[Date "2008.02.14"]
[Round "1"]
[White "Caron, Sebastien"]
[Black "Dube, Daniel"]
[Result "1-0"]
[WhiteElo "1936"]
[BlackElo "1536"]
[PlyCount "67"]
[GameId "2160767910413519"]
[EventDate "2008.02.14"]
[EventType "swiss"]
[EventRounds "5"]
[EventCountry "CAN"]
[SourceTitle "EXT 2011"]
[Source "ChessBase"]
[SourceDate "2011.11.26"]
[SourceVersion "1"]
[SourceVersionDate "2011.11.26"]
[SourceQuality "1"]

1. e4 c5 2. Nf3 d6 3. d4 cxd4 4. Nxd4 Nf6 5. Nc3 a6 6. Bg5 e6 7. f4 Nc6 8. Be2 Qb6 9. Nb3 Be7 10. Qd2 h6 11. Bh4 Nxe4 12. Nxe4 Bxh4+ 13. g3 Be7 14. Nxd6+ Bxd6 15. Qxd6 Qb4+ 16. Qd2 Qxd2+ 17. Kxd2 b6 18. Rhe1 Bb7 19. c3 Ke7 20. Bf3 Rhd8+ 21. Ke3 Rd7 22. Bxc6 Bxc6 23. Nd4 Bd5 24. Kf2 Kf6 25. Re3 g5 26. b3 gxf4 27. gxf4 Rg8 28. Rg3 Rxg3 29. hxg3 Kg6 30. Rd1 Bb7 31. Rd2 Rc7 32. c4 Rd7 33. Ke3 Kg7 34. Nxe6+ 1-0